¡Padres, atreveos a decir no! / (Registro nro. 29509)

Detalles MARC
000 -CABECERA
campo de control de longitud fija 01683nam a22002657a 4500
008 - CÓDIGOS DE INFORMACIÓN DE LONGITUD FIJA
fixed length control field 220617t2006 sp ||||gr|||| 00| 0 spa d
020 ## - NÚMERO INTERNACIONAL NORMALIZADO PARA LIBROS
ISBN 9788431533656
040 ## - Fuente de catalogación
Agencia original de catalogación CO-JMCR
Agencia de transcripción CO-JMCR
041 1# - CÓDIGO DE LENGUA
Código idioma spa
Language code of original eng
082 04 - NÚMERO DE LA CLASIFICACIÓN DECIMAL DEWEY
Número de clasificación Decimal 370.1083 /
Número de documento (Cutter) D375p
Edition number 23
100 1# - PUNTO DE ACCESO PRINCIPAL-NOMBRE DE PERSONA
Nombre personal Delaroche, Patrick,
9 (RLIN) 42093
Término de función/relación autor
245 11 - TÍTULO PROPIAMENTE DICHO
Título ¡Padres, atreveos a decir no! /
Mención de responsabilidad, etc. Patrick Delaroche ; traducción de Nieves Nueno Cobas
260 ## - PUBLICACIÓN, DISTRIBUCIÓN, ETC. (PIE DE IMPRENTA)
Lugar de publicación, distribución, etc. Barcelona :
Nombre del editor, distribuidor, etc. De Vecchi,
Fecha de publicación, distribución, etc. ©2006
300 ## - DESCRIPCIÓN FÍSICA
Extensión 251 páginas ;
Dimensiones 23 cm.
500 ## - NOTA GENERAL
Nota general Patrick Delaroche, psicoanalista y psiquiatra infantil "Tapa posterior".
505 0# - NOTA DE CONTENIDO FORMATADO
Nota de contenido formateada ¿Por qué prohibir? -- A castigar se aprende -- ¿Quién manda? -- El arte y la forma de prohibir -- ¿Y la sexualidad? -- La separación de los padres -- Las pequeñas transgresiones -- La coacción educativa -- ¿A partir de qué momento? -- La educación en la escuela -- Cuando los adultos desvarían -- Poder decir no
520 3# - RESUMEN, ETC.
Resumen,etc. "Al establecer los roles y funciones de cada uno frente a la prohibición, así como al defender la necesidad de una educación firme pero sin una severidad excesiva. ¿Acaso no son las prohibiciones las únicas que pueden ayudar al niño a posicionarse más adelante en una sociedad de obligaciones y limitaciones? Recordar esta circunstancias debería evitar ese sentimiento de culpabilidad que tienen muchos padres, victímas de nociones psicológicas a menudo mal entendidas".
546 ## - LANGUAGE NOTE
Language note Traducido del inglés.
650 14 - TÉRMINO DE MATERIA
9 (RLIN) 42100
650 24 - TÉRMINO DE MATERIA
9 (RLIN) 164
700 1# - AUTOR SECUNDARIO - PERSONA
Nombre de persona Cobas, Nieves Nueno,
Numeration traductora
9 (RLIN) 42095
Existencias
Withdrawn status Lost status Source of classification or shelving scheme Damaged status Not for loan Home library Current library Shelving location Date acquired Source of acquisition Total Checkouts Full call number Barcode Date last seen Date last checked out Copy number Price effective from Koha item type
    Dewey Decimal Classification     Biblioteca Pública José María del Castillo y Rada Biblioteca Pública José María del Castillo y Rada General Stacks 06/17/2022 Donación 1 370.1083 / D375p 201811509 05/16/2024 10/10/2023 Ej.1 06/17/2022 Books